000 00513nam a2200193Ia 4500
008 101110s9999 xx 000 0 und d
041 _aENGLISH
082 _bSR21779
_a660.2
100 _aHeaton Alan
245 _aAn intro. to industrial Chemistry 3rd ed.
365 _b1185.4
520 _aChemistry
546 _aENGLISH
630 _aAn intro. to industrial Chemistry 3rd ed.
650 _aChemistry
655 _aChemistry
730 _aAn intro. to industrial Chemistry 3rd ed.
942 _cBOOK
999 _c814618
_d814615